| 000 -GUIDE |
| Champ de contrôle de longueur fixe |
01257nam a22002417a 4500 |
| 003 - IDENTITÉ DU NUMÉRO DE CONTRÔLE |
| Champ de contrôle |
BI-BuBU |
| 008 - ÉLÉMENTS DE LONGUEUR FIXE - RENSEIGNEMENTS GÉNÉRAUX |
| Champ de contrôle de longueur fixe |
260616b202616/6b ||||f |||| 00| 0 fre d |
| 037 ## - SOURCE D'ACQUISITION |
| Source d'acquisition et du numéro d'inventaire |
don de l´auteur |
| 039 ## - NIVEAU DE CONTRÔLE BIBLIOGRAPHIQUE ET HISTORIQUE D'ENCODAGE [OBSOLETE] |
| Date creation |
20260616085542.0 |
| Nom catalographe |
Jean Baptiste Ndikumana |
| 040 ## - SOURCE DU CATALOGAGE |
| Organisme qui a effectué le catalogage original |
BI-BuBU |
| Code de la langue utilisée dans le catalogage |
fre |
| Organisme qui a effectué la transcription |
BI-BuBU |
| Organisme qui a effectué la modification |
BI-BuBU |
| 080 ## - INDICE DE LA CLASSIFICATION DÉCIMALE UNIVERSELLE (CDU) |
| Indice de la Classification décimale universelle |
530. |
| 100 1# - VEDETTE PRINCIPALE - NOM DE PERSONNE |
| Code de relation |
aut. |
| Nom de personne |
Ndayishimiye,Oscar |
| 245 10 - MENTION DU TITRE |
| Titre |
Evaluation de la qualité physicochimique et microbiologique du vin de banane local ,commercialisé dans les quartiers de Bwiza,Cibitoke et musaga en mairie de Bujumbura |
| Mention de responsabilité, etc. |
Oscar Ndayishimiye;Lambert Niyoyitungiye,directeur |
| 260 ## - PUBLICATION, DIFFUSION, ETC. (ADRESSE BIBLIOGRAPHIQUE) |
| Lieu de publication, diffusion, etc. |
Bujumbura |
| Nom de l'éditeur, diffuseur, etc. |
Université du burundi, East African Nutritional Sciences Institute |
| Date of publication, distribution, etc |
2025 |
| 300 ## - DESCRIPTION MATÉRIELLE |
| Collation |
XIII-59f |
| Dimensions |
30cm |
| 502 ## - NOTE DE THÈSE OU MÉMOIRE |
| Note de thèse |
Mémoire présenté et défendu publiquement en vue de l´obtention d´un diplôme de Master en Sciences des Aliments et Nutrition |
| 650 #7 - VEDETTE-MATIÈRE - NOM COMMUN |
| Source du terme |
BI-BuBU |
| Vedette de sujet ou vedette comportant un nom géographique |
Qualité physicochimique |
| Subdivision de forme |
Evaluation |
| Subdivision générale |
Vin de banane |
| Subdivision géographique |
Quartier Bwiza,Cibitoke,Musaga (Mairie de Bujumbura) |
| 650 #7 - VEDETTE-MATIÈRE - NOM COMMUN |
| Vedette de sujet ou vedette comportant un nom géographique |
Qualité microbiologique |
| Subdivision de forme |
Evaluation |
| Subdivision générale |
Vin de banane |
| Subdivision géographique |
Quartier Bwiza,Cibitoke ,Musaga (Mairie de Bujumbura) |
| 655 #7 - TERME D'INDEXATION - GENRE OU FORME |
| Source du terme |
BI-BuBU |
| 700 1# - VEDETTE SECONDAIRE - NOM DE PERSONNE |
| Code de relation |
dir. |
| Nom d'auteur |
Niyoyitungiye Lambert |
| 710 ## - VEDETTE SECONDAIRE - NOM DE COLLECTIVITÉ |
| Code de relation |
aut |
| Nom de la collectivité ou nom de lieu comme élément de classement |
East African Nutritional Sciences Institute |
| 942 ## - ÉLÉMENTS D'ENTRÉE ADDITIONNELLE (KOHA) |
| Source de la classification ou du système de rangement |
|
| Type d item koha |
Memoire |